The Forever Story - JID - Statistics

General Stats
  • This quiz has been taken 191 times
  • The average score is 12 of 16
Answer Stats
Track # Answer % Correct
6 Surround Sound (feat. 21 Savage & Baby Tate)
92%
2 Raydar
90%
8 Bruddanem
89%
9 Sistanem
88%
16 2007
83%
7 Kody Blu 31
83%
3 Dance Now (feat. Kenny Mason)
82%
1 Galaxy
80%
11 Stars (feat. Yasiin Bey)
80%
4 Crack Sandwich
79%
13 Money
75%
5 Can't Punk Me (feat. EARTHGANG)
72%
15 Lauder Too (feat. Ravyn Lenae & Eryn Allen Kane)
71%
12 Just In Time (feat. Lil Wayne & Kenny Mason)
66%
10 Can't Make U Change (feat. Ari Lennox)
62%
14 Better Days (feat. Johnta Austin)
56%
No matching quizzes found
Score Distribution
Percent of People with Each Score
Percentile by Number Answered
Your Score History
You have not taken this quiz